Estudios históricos y críticos (Registro nro. 90901)

Detalles MARC
000 -LEADER
campo de control de longitud fija 01051nam a2200205 i 4500
001 - NÚMERO DE CONTROL
campo de control 90901
003 - IDENTIFICADOR DE NÚMERO DE CONTROL
campo de control ES-MaACL
005 - FECHA Y HORA DE LA ÚLTIMA TRANSACCIÓN
campo de control 20251116063057.0
007 - CAMPO FIJO DE DESCRIPCIÓN FÍSICA--INFORMACIÓN GENERAL
campo de control de longitud fija t|
008 - DATOS DE LONGITUD FIJA--INFORMACIÓN GENERAL
campo de control de longitud fija 050126s1913 sp ||||1| spa d
080 ## - NÚMERO DE LA CLASIFICACIÓN DECIMAL UNIVERSAL
Número de la Clasificación Decimal Universal 94(460)
100 1# - ENTRADA PRINCIPAL--NOMBRE DE PERSONA
Nombre de persona Lema, Salvador Bermúdez de Castro y O'Lawlor,
Títulos y otros términos asociados al nombre Marqués de
9 (RLIN) 71444
245 10 - MENCIÓN DEL TÍTULO
Título Estudios históricos y críticos
Resto del título : primera serie /
Mención de responsabilidad, etc. Marqués de Lema.
260 ## - PUBLICACIÓN, DISTRIBUCIÓN, ETC.
Lugar de publicación, distribución, etc. Madrid :
Nombre del editor, distribuidor, etc. [s.n.],
Fecha de publicación, distribución, etc. 1913 (
Fabricante Jaime Ratés Martín)
300 ## - DESCRIPCIÓN FÍSICA
Extensión 252 p., [1] h. de lám. ;
Dimensiones 24 cm.
505 8# - NOTA DE CONTENIDO CON FORMATO
Nota de contenido con formato Contiene: Un cuadro de Velázquez ; El último Gran Maestre español de la Orden de San Juan de Jerusalén: Don Francisco Jiménez de Tejada (1703-1774) ; Bonaparte y una infanta española: un proyecto olvidado de matrimonio ; Un olvido del Príncipe de la Paz ; Un proyecto inédito de testamento de Fernando VII ; Don Joaquín Aguirre ; Macaulay-Cánovas ; Un testigo de importantes sucesos: el general O'Lawlor
651 #4 - PUNTO DE ACCESO ADICIONAL DE MATERIA--NOMBRE GEOGRÁFICO
Nombre geográfico España-
Subdivisión general Historia.
9 (RLIN) 8209
852 ## - LOCALIZACIÓN
Ubicación ES-MaACL
Número de control de estantería B-13103
Existencias
Estatus retirado Estado de pérdida Estado de daño No para préstamo Biblioteca de origen Biblioteca actual Ubicación en estantería Fecha de adquisición Fuente de adquisición Total de préstamos Signatura topográfica completa Código de barras Visto por última vez Precio de reemplazo Tipo de ítem Koha
        Biblioteca del Ateneo de Madrid Biblioteca del Ateneo de Madrid Sala Pardo Bazán 17/01/2008     B-13103 1094908 23/02/2023 23/02/2023 Libro impreso